Business education: the results of graduate survey about the international study programme

Guardado en:
Detalles Bibliográficos
Autor principal: Kitová Mazalánová, Veronika
Otros Autores: Kita, Jaroslav
Formato: Capítulo de libro
Lenguaje:inglés
Materias:
Etiquetas: Agregar Etiqueta
Sin Etiquetas, Sea el primero en etiquetar este registro!

MARC

LEADER 00000naa$a2200000$$$4500
001 0226852
005 20240502083608.0
041 0 |a eng 
044 |a BG 
245 1 0 |a Business education: the results of graduate survey about the international study programme  |c Veronika Kitová Mazalánová, Jaroslav Kita 
610 2 0 |a vzdelávanie dospelých 
610 2 0 |a zamestnanci 
610 2 0 |a rozvoj pracovníkov 
610 2 0 |a obchod 
610 2 0 |a vedomosti 
610 2 0 |a prieskum 
610 2 0 |a univerzity 
610 2 0 |a programy študijné 
100 1 |a Kitová Mazalánová, Veronika 
700 1 |a Kita, Jaroslav